000 00363nam a22001457a 4500
008 221110b ||||| |||| 00| 0 eng d
020 _a2901558102704
041 _aeng
080 _22010 EDITION
_a610.73
082 _a610.73 ANA
100 _a8
101 _aINF
245 _aNURSING'S SOCIAL POLICY STATEMENT
_cAMERICAN NURSES ASSOCIATION
942 _2udc
_cBK
999 _c58839
_d58839